000 00543nam a2200217Ia 4500
003 OSt
005 20220928135530.0
006 a|||||r|||| 00| 0
007 ta
008 220927b |||||||| |||| 00| 0 eng d
024 _a2853
037 _cTextual
040 _aSDCL
_cSDCL
_beng
041 _2eng
_aeng
082 _aX:51480j8K, L5
100 _aKorlin Erich
_9491284
245 0 _aProfit centre sales management
260 _c1975
942 _hX:51480j8K, L5
_cTEXL
_2CC
999 _c806662
_d806662